<?xml version="1.0" encoding="UTF-8"?>
<marc:record xmlns:marc="http://www.loc.gov/MARC21/slim">
   <marc:leader>00000nam a2200000 a 4500</marc:leader>
   <marc:datafield ind1="1" ind2=" " tag="100">
      <marc:subfield code="a">Swaaf, Kurt de</marc:subfield>
      <marc:subfield code="4">aut</marc:subfield>
      <marc:subfield code="e">Verfasser/-in</marc:subfield>
   </marc:datafield>
   <marc:datafield ind1=" " ind2=" " tag="653">
      <marc:subfield code="a">Ökosystem</marc:subfield>
   </marc:datafield>
   <marc:datafield ind1=" " ind2=" " tag="653">
      <marc:subfield code="a">Tieren</marc:subfield>
   </marc:datafield>
   <marc:datafield ind1=" " ind2=" " tag="653">
      <marc:subfield code="a">Welt</marc:subfield>
   </marc:datafield>
   <marc:datafield ind1=" " ind2=" " tag="653">
      <marc:subfield code="a">Pflanzen</marc:subfield>
   </marc:datafield>
   <marc:datafield ind1="0" ind2="0" tag="245">
      <marc:subfield code="a">Der Zustand der Welt</marc:subfield>
   </marc:datafield>
   <marc:datafield ind1="0" ind2="0" tag="245">
      <marc:subfield code="b">warum wir die Erde noch retten können und was wir dafür tun müssen</marc:subfield>
   </marc:datafield>
   <marc:datafield ind1="0" ind2="0" tag="245">
      <marc:subfield code="c">Kurt de Swaaf</marc:subfield>
   </marc:datafield>
   <marc:datafield ind1=" " ind2="1" tag="264">
      <marc:subfield code="a">Salzburg</marc:subfield>
      <marc:subfield code="b">Terra Mater Books</marc:subfield>
      <marc:subfield code="c">2021</marc:subfield>
   </marc:datafield>
   <marc:datafield ind1=" " ind2=" " tag="250">
      <marc:subfield code="a">1. Auflage</marc:subfield>
   </marc:datafield>
   <marc:datafield ind1="1" ind2=" " tag="520">
      <marc:subfield code="a">Die große Bilanz von allem, was kreucht und fleucht&#x15;&#x15;Wie ist es wirklich um das Leben von Pflanzen und Tieren auf unserem Planeten bestellt? Diese Frage hat nun, da das von den Vereinten Nationen ausgerufene Jahrzehnt der biologischen Vielfalt im letzten Jahr zu Ende ging, besondere Brisanz.&#x15;&#x15;Im großen Biodiversitätsbericht des IPBES (einer Teilorganisation der Vereinten Nationen) berichten 500 Wissenschafter auf Basis von Studien, die auf dem ganzen Planeten gemacht wurden, über den Status quo der Ökosysteme, ihrer Lebewesen und deren Umweltbedingungen. Es wird festgehalten, was die Erde schon verloren hat, was kurz davor steht, verloren zu gehen, und wie die Chancen für die Verbliebenen aussehen. Der Biologe und Wissenschaftsjournalist Kurt de Swaaf hat sich des umfassenden Themas angenommen. Er stellt fest, dass die Uhr für den Planeten fünf vor zwölf zeigt, aber stellt auch in Aussicht, dass man die Uhr zurückdrehen kann. Etwa indem man mit Forschung und Investitionen den Regenwald in Costa Rica wieder aufforstet - wenn der Mensch nur will.</marc:subfield>
   </marc:datafield>
   <marc:datafield ind1=" " ind2=" " tag="020">
      <marc:subfield code="a">9783990550243</marc:subfield>
      <marc:subfield code="9">9783990550243</marc:subfield>
   </marc:datafield>
   <marc:datafield ind1=" " ind2=" " tag="020">
      <marc:subfield code="a">3990550241</marc:subfield>
      <marc:subfield code="9">3990550241</marc:subfield>
   </marc:datafield>
   <marc:datafield ind1=" " ind2=" " tag="300">
      <marc:subfield code="a">206 Seiten</marc:subfield>
   </marc:datafield>
</marc:record>
